Botany : (Record no. 362238)
[ view plain ]
| 000 -LEADER | |
|---|---|
| fixed length control field | 00527nam a2200157Ia 4500 |
| 008 - FIXED-LENGTH DATA ELEMENTS--GENERAL INFORMATION | |
| fixed length control field | 191001s9999 xx 000 0 und d |
| 020 ## - INTERNATIONAL STANDARD BOOK NUMBER | |
| International Standard Book Number | 9781284077537 |
| 100 ## - MAIN ENTRY--PERSONAL NAME | |
| Personal name | Mauseth, James D |
| 245 ## - TITLE STATEMENT | |
| Statement of responsibility, etc | James D Mauseth.-- |
| Title | Botany : |
| Remainder of title | an introduction to plant biology |
| 250 ## - EDITION STATEMENT | |
| Edition statement | 6th |
| 260 ## - PUBLICATION, DISTRIBUTION, ETC. (IMPRINT) | |
| Place of publication, distribution, etc | Burlington (Massachusetts) : |
| Name of publisher, distributor, etc | Jones and Bartlett Learning |
| Date of publication, distribution, etc | 2017 |
| 300 ## - PHYSICAL DESCRIPTION | |
| Extent | xx, 820 pages; |
| Other physical details | collor illustrations |
| 500 ## - GENERAL NOTE | |
| General note | Includes glossary and index. |
| 650 ## - SUBJECT ADDED ENTRY--TOPICAL TERM | |
| Topical term or geographic name as entry element | Botany. |
| 650 ## - SUBJECT ADDED ENTRY--TOPICAL TERM | |
| Topical term or geographic name as entry element | SCIENCE -- Life Sciences -- Botany. |
| Withdrawn status | Lost status | Damaged status | Home library | Current library | Shelving location | Date acquired | Source of acquisition | Total Checkouts | Full call number | Barcode | Date last seen | Price effective from | Koha item type |
|---|---|---|---|---|---|---|---|---|---|---|---|---|---|
| South SEED-LPDH College Library | South SEED-LPDH College Library | South SEED-LPDH College Section | 10/01/2019 | Library Fund | QK 47 .M38 2017 | SSLC1866 | 10/01/2019 | 10/01/2019 | Books |